• 首页
  • 本馆介绍
  • 公告通知
  • 最新文献
  • 馆藏检索
  • 电子资源
  • 读者导购
  • 参考咨询
  • 我的图书馆
  • 登录
  • 详细信息显示
  • 放入我的书架
  • 预约/预借图书
  • 作者相关作品
  • 分类相关作品
  • 丛书相关作品
  • 出版社相关作品

书目信息

  • 表格格式
  • 工作单格式
  • 卡片格式
题名:
普通物理学教程 力学
    
 
作者: 漆安慎 , 杜婵英 编
分册:  
出版信息: 北京   高等教育出版社  1997
页数: 414页
开本: 24cm
丛书名: 面向21世纪课程教材
单 册:
中图分类: O551 , O3
科图分类:
主题词: 力学
电子资源:
ISBN: 7-04-005902-9
000 00716nam2 2200241 45
001 0009201679
005 20070711145356.96
010    @a7-04-005902-9@dCNY24.50
100    @a20000920d1997 km y0chiy0120 ea
101 0  @achi
200 1  @a普通物理学教程 力学@Apu tong wu li xue jiao cheng li xue@f漆安慎,杜婵英编@Fqi an shen,du chan ying bian
210    @a北京@c高等教育出版社@d1997
215    @a414页@d24cm
225    @a面向21世纪课程教材
300    @a普通高等教育“九五”国家级重点教材
410    @12001 @a面向21世纪课程教材
606 0  @a力学
690    @aO551@v4
690    @aO3@v3
701  0 @a漆安慎@Aqi an shen@4编
701  0 @a杜婵英@Adu chan ying@4编
801    @aCN@bTSTC@c20070711
905    @dO3@e65
    
    普通物理学教程 力学/漆安慎,杜婵英编.-北京:高等教育出版社,1997
    414页;24cm.-(面向21世纪课程教材)
    普通高等教育“九五”国家级重点教材
    
    ISBN 7-04-005902-9:CNY24.50
    
●
相关链接 在E读中查询图书 在五车中查询图书 在当当中查询图书 在豆瓣中查询图书


正题名:普通物理学教程 力学     索取号:O3/65         预约/预借

序号 登录号 条形码 馆藏地/架位号 状态 备注
1 0487381   204873814   密集书库/ [索取号:O3/65] 在馆    
2 0487382   204873823   密集书库/ [索取号:O3/65] 在馆    
3 0487383   204873832   密集书库/ [索取号:O3/65] 在馆    
4 0487384   204873841   密集书库/ [索取号:O3/65] 在馆    
5 0487385   204873850   密集书库/ [索取号:O3/65] 在馆    
6 0487386   204873869   密集书库/ [索取号:O3/65] 在馆    
7 0654835   206548351   库房3/ [索取号:O3/65] 在馆    
8 0667945   206679450   库房3/ [索取号:O3/65] 在馆    
9 0667946   206679469   库房3/ [索取号:O3/65] 在馆    
10 0667947   206679478   库房3/ [索取号:O3/65] 在馆    
11 0667948   206679487   库房3/ [索取号:O3/65] 在馆    
12 0667949   206679496   库房3/ [索取号:O3/65] 在馆    
13 0667950   206679502   库房3/ [索取号:O3/65] 在馆    
14 0667951   206679511   库房3/ [索取号:O3/65] 在馆    
15 0667952   206679520   库房3/ [索取号:O3/65] 在馆    
16 0667953   206679539   库房3/ [索取号:O3/65] 在馆    
17 0667954   206679548   库房3/ [索取号:O3/65] 在馆    
18 0667955   206679557   库房3/ [索取号:O3/65] 在馆    
19 0667956   206679566   库房3/ [索取号:O3/65] 在馆    
20 0667957   206679575   库房3/ [索取号:O3/65] 在馆    
21 0667958   206679584   库房3/ [索取号:O3/65] 在馆    
22 0667959   206679593   库房3/ [索取号:O3/65] 在馆    
23 0667960   206679600   库房3/ [索取号:O3/65] 在馆    
24 0667961   206679619   库房3/ [索取号:O3/65] 在馆    
25 0667962   206679628   库房3/ [索取号:O3/65] 在馆    
26 0667963   206679637   库房3/ [索取号:O3/65] 在馆    
27 0667964   206679646   库房3/ [索取号:O3/65] 在馆    
28 0667965   206679655   库房3/ [索取号:O3/65] 在馆    
29 0667966   206679664   库房3/ [索取号:O3/65] 在馆    
30 0667967   206679673   库房3/ [索取号:O3/65] 在馆    
31 0667968   206679682   库房3/ [索取号:O3/65] 在馆    
32 0777371   207773710   密集书库/ [索取号:O3/65] 在馆    
33 0777372   207773729   密集书库/ [索取号:O3/65] 在馆    
34 0777373   207773738   密集书库/ [索取号:O3/65] 在馆    
35 0778656   207786564   库房3/ [索取号:O3/65] 在馆    
36 0778657   207786573   库房3/ [索取号:O3/65] 在馆    
唐山师范学院图书馆 欢迎您!
大连网信软件有限公司© 版权所有